| 000 | 00428nam a2200157Ia 4500 | ||
|---|---|---|---|
| 008 | 160316s1988 xxu||||| |||| 00| 0 eng d | ||
| 082 |
_a346.043209 _bISL |
||
| 100 | _aIslam Sirajul | ||
| 245 | _aBengal land tenure : The origin and growth of intermediate interests in the 19th century | ||
| 250 | _a | ||
| 260 |
_aCalcutta _bK P Bagchi & Co. _c1988 |
||
| 300 |
_a134p _b _cviii |
||
| 365 | _bRs.80 | ||
| 650 | _a | ||
| 700 |
_a _a |
||
| 999 |
_c1806 _d1806 |
||